000 00512nam a22001697a 4500
999 _c18667
_d18667
008 201210b xxu||||| |||| 00| 0 eng d
020 _a9781849465991
040 _aKABU
_cKABU
050 _aK 3275
_b.G74 2015 C.1
100 _aGrey, Colin
245 _aJustice and Authority in Immigration Law/
_cColin Grey.
260 _aCanada:
_bHART,
_c2015.
300 _axi, 241p.
650 _aEmigration and Immigration law
650 _aEmigration and immigration Law
_vMoral ethical aspects
942 _2lcc
_cBK